| Tag |
First Indicator |
Second Indicator |
Subfields |
| LEADER |
00000cam a2200000 i 4500 |
| 001 |
in00004583421 |
| 008 |
211201t20222022enkab b 001 0 eng |
| 005 |
20250318222449.3 |
| 010 |
|
|
|a 2021058297
|
| 020 |
|
|
|a 9781316517772
|
| 020 |
|
|
|a 1316517772
|q hardcover
|
| 035 |
|
|
|a (OCoLC)on1260819163
|
| 035 |
|
|
|a (OCoLC)1260819163
|
| 040 |
|
|
|a DLC
|b eng
|e rda
|c DLC
|d UKMGB
|d OCLCF
|d OCLCO
|d YDX
|
| 042 |
|
|
|a pcc
|
| 043 |
|
|
|a e-rm---
|a e------
|
| 050 |
0 |
0 |
|a DR279.92.G4
|b K67 2022
|
| 082 |
0 |
0 |
|a 949.8/00431
|2 23/eng/20211201
|
| 084 |
|
|
|a HIS010000
|2 bisacsh
|
| 100 |
1 |
|
|a Koranyi, James,
|e author.
|
| 245 |
1 |
0 |
|a Migrating memories :
|b Romanian Germans in modern Europe /
|c James Koranyi, University of Durham.
|
| 246 |
3 |
0 |
|a Romanian Germans in modern Europe
|
| 264 |
|
1 |
|a Cambridge, United Kingdom ;
|a New York, NY :
|b Cambridge University Press,
|c 2022.
|
| 264 |
|
4 |
|c ©2022
|
| 300 |
|
|
|a xiv, 312 pages :
|b illustrations, maps ;
|c 24 cm.
|
| 336 |
|
|
|a text
|b txt
|2 rdacontent
|
| 337 |
|
|
|a unmediated
|b n
|2 rdamedia
|
| 338 |
|
|
|a volume
|b nc
|2 rdacarrier
|
| 490 |
1 |
|
|a New studies in European history
|
| 505 |
0 |
|
|a Stories, Identities, Memories -- Making Romanian Germans -- Transnational Germans -- Fascist Divisions in the Romanian German Past -- The Iron Memory Curtain: Romanian Germans and Communism -- European Bridge-Builders: Romanian Germans after 1989 -- Epilogue -- The Perpetual Exodus.
|
| 520 |
|
|
|a "At some point in the twelfth century, a group of people went in search of a new homeland 'beyond the forest'. On their journey, they encountered aurochs still roaming freely and bears looking for honey. Eventually, they reached the land they were looking for: Transylvania. On arrival, two of the men drew their swords and rammed them into the ground, swearing allegiance to their new homeland. They then separated, each taking their sword to a different place: one to Broos (Orăştie) in western Transylvania, and the other to Draas (Drăuşeni) in eastern Transylvania, where the swords would remain as symbols of their attachment to the wonderous new land. The new settlers worked the land, enduring hardship and wars in the centuries that followed"--
|c Provided by publisher.
|
| 650 |
|
0 |
|a Germans
|z Romania
|z Transylvannia
|x History
|y 20th century.
|
| 650 |
|
0 |
|a Germans
|z Banat
|x History
|y 20th century.
|
| 650 |
|
0 |
|a Romanians
|z Europe
|x History
|y 20th century.
|
| 650 |
|
0 |
|a Germans
|z Romania
|z Transylvannia
|x History.
|
| 650 |
|
6 |
|a Allemands
|z Banat
|x Histoire
|y 20e siècle.
|
| 650 |
|
6 |
|a Roumains
|z Europe
|x Histoire
|y 20e siècle.
|
| 650 |
|
7 |
|a HISTORY / Europe / General.
|2 bisacsh
|
| 650 |
|
7 |
|a Germans.
|2 fast
|0 (OCoLC)fst00942100
|
| 650 |
|
7 |
|a Romanians.
|2 fast
|0 (OCoLC)fst01100068
|
| 651 |
|
7 |
|a Europe.
|2 fast
|0 (OCoLC)fst01245064
|
| 651 |
|
7 |
|a Europe
|z Banat.
|2 fast
|0 (OCoLC)fst01212091
|
| 648 |
|
7 |
|a 1900-1999
|2 fast
|
| 655 |
|
7 |
|a History.
|2 fast
|0 (OCoLC)fst01411628
|
| 830 |
|
0 |
|a New studies in European history.
|
| 852 |
8 |
|
|b pda,print
|z This title is available for the library to purchase for your use. Click the "Purchase It For Me" button to place a request. This item may take 5-10 business days to arrive.
|
| 955 |
|
|
|a Print PDA title
|
| 961 |
|
|
|m 565730
|
| 999 |
f |
f |
|s 96493d83-0c94-45b7-9af0-2a13eadeb83b
|i 96493d83-0c94-45b7-9af0-2a13eadeb83b
|t 0
|
| 952 |
f |
f |
|a Texas A&M University
|b College Station
|c Sterling C. Evans Library
|d Purchase on Demand
|t 0
|e DR279.92.G4 K67 2022
|h Library of Congress classification
|
| 998 |
f |
f |
|a DR279.92.G4 K67 2022
|t 0
|l Purchase on Demand
|